LEADER 00823nam a2200229 i 4500 001 000000177317 003 CaOOAMICUS 005 20090129000000.0 008 090129s2003 it u000 u ita u 013 $a154833 040 $aSeMil$bita 245 10$aSeconda parte. 300 $a191 p. :$briccamente ill. 490 0 $aLa grande storia dell'arte ;$v4 500 $aDono di don Romano Martinelli. 700 1 $aBucci, Cristina.$0(OLS)http://semarc/name/9238 773 0 $tQuattrocento.$d[Firenze] : Scala Group, 2003.$w()20627 830 3$aLa grande storia dell'arte ;$v4.$0(OLS)http://semarc/title/27192 850 $aSeMil 852 $aSeMil$W1$xVenegono$y1$m5V XVI 4$j128128$B128128$CSeMilBibl$Z2$F138985 $81 961 $aOmaggio: Martinelli don Romano 996 $6245$aSeconda parte$9(OLS)http://semarc/title/180995 LEADER 01568nam a2200289 i 4500 001 000000339020 003 CaOOAMICUS 005 20200127142852.0 008 200127s2019 ne u000 u mul u 020 $a978-90-429-4009-3 040 $aSeMil$bita 245 10$a1: [Text]. 264 1$aLovanii :$bIn aedibus Peeters,$c2019. 300 $aXXXVIII, 82 p. ;$c24 cm. 500 $aTesto in copto che precede la traduzione inglese del vol. successivo; introduzione in inglese 700 0 $aAthanasius : Alexandrinus,$c.$0(OLS)http://semarc/name/9874 773 0 $aAthanasius : Alexandrinus $tAnother Athanasius Four Sahidic Homilies attributed to Athanasius of Alexandria.$dLovanii : In aedibus Peeters, 2019.$kCorpus Scriptorum Christianorum Orientalium$kCorpus Scriptorum Christianorum Orientalium. Scriptores Coptici$z978-90-429-4009-3$z978-90-429-4011-6$g1$w()339019 830 0$aCorpus Scriptorum Christianorum Orientalium ;$v675.$0(OLS)http://semarc/title/77 830 0$aCorpus Scriptorum Christianorum Orientalium. Scriptores Coptici ;$v51.$0(OLS)http://semarc/title/17571 850 $aSeMil 852 $aSeMil$W1$xVenegono$y1$m2S III 675$j218097$B230108$CSeMilBibl$Z2$F230108 $81 900 0 $aAtanasio : di Alessandria. 996 $6020$a978-90-429-4009-3$9(OLS)http://semarc/number/289718 996 $6245$a1: [Text]$9(OLS)http://semarc/title/425915 996 $6264$aLovanii :$bIn aedibus Peeters$9(OLS)http://semarc/publisher/30114